| 000 | 00471nam a2200193Ia 4500 | ||
|---|---|---|---|
| 005 | 20250423094653.0 | ||
| 008 | 250422s9999 xx 000 0 und d | ||
| 020 | _a0-32431107-9 | ||
| 050 | _aKL 97 .M2/ | ||
| 100 | _aMarianne m. jennings | ||
| 245 | 0 | _aBusiness: its legal,ethic, and global environment. | |
| 250 | _a7th.edi | ||
| 260 | _aUnited states | ||
| 260 | _bThomson west | ||
| 260 | _c2006 | ||
| 300 | _a925 p | ||
| 650 | _aBusiness Law | ||
| 942 | _cBK | ||
| 999 |
_c27941 _d27941 |
||